| 000 -LEADER |
| fixed length control field |
01314 a2200253 4500 |
| 020 ## - INTERNATIONAL STANDARD BOOK NUMBER |
| International Standard Book Number |
0471805300 |
| 020 ## - INTERNATIONAL STANDARD BOOK NUMBER |
| International Standard Book Number |
9780471805304 |
| 090 ## - LOCALLY ASSIGNED LC-TYPE CALL NUMBER (OCLC); LOCAL CALL NUMBER (RLIN) |
| -- |
441 |
| -- |
441 |
| 100 1# - MAIN ENTRY--PERSONAL NAME |
| Personal name |
Hoel, Paul G. |
| 245 10 - TITLE STATEMENT |
| Title |
Introduction to mathematical statistics / |
| Statement of responsibility, etc. |
Paul G. Hoel. |
| 250 ## - EDITION STATEMENT |
| Edition statement |
2nd ed. |
| 260 ## - PUBLICATION, DISTRIBUTION, ETC. |
| Place of publication, distribution, etc. |
[S.l.] : |
| Name of publisher, distributor, etc. |
John Wiley and Sons (WIE), |
| Date of publication, distribution, etc. |
1985. |
| 300 ## - PHYSICAL DESCRIPTION |
| Extent |
446 p. ; |
| Dimensions |
22 cm. |
| 490 1# - SERIES STATEMENT |
| Series statement |
Wiley series in probability & mathematical statistics: probability & mathematical statistics section. |
| 500 ## - GENERAL NOTE |
| General note |
Paperback. |
| 520 ## - SUMMARY, ETC. |
| Summary, etc. |
Presents both theoretical and applied material with numerous problem sets to illustrate important concepts. The book offers up-to-date coverage of the use of computers and calculators to facilitate problem solving as well as numerous applications to illustrate basic theory. |
| 650 #4 - SUBJECT ADDED ENTRY--TOPICAL TERM |
| Topical term or geographic name entry element |
Science & Mathematics: Textbooks & Study Guides. |
| 650 #4 - SUBJECT ADDED ENTRY--TOPICAL TERM |
| Topical term or geographic name entry element |
Probability & statistics. |
| 650 #4 - SUBJECT ADDED ENTRY--TOPICAL TERM |
| Topical term or geographic name entry element |
Mathematics / Probability & Statistics / General. |
| 830 #0 - SERIES ADDED ENTRY--UNIFORM TITLE |
| Uniform title |
Wiley series in probability & mathematical statistics: probability & mathematical statistics section. |
| 856 40 - ELECTRONIC LOCATION AND ACCESS |
| Materials specified |
Amazon.com |
| Uniform Resource Identifier |
<a href="http://www.amazon.com/exec/obidos/ASIN/0471805300/chopaconline-20">http://www.amazon.com/exec/obidos/ASIN/0471805300/chopaconline-20</a> |
| 856 40 - ELECTRONIC LOCATION AND ACCESS |
| Materials specified |
Amazon customer reviews |
| Uniform Resource Identifier |
<a href="http://www.chopac.org/cgi-bin/tools/azrev.pl?q=0471805300">http://www.chopac.org/cgi-bin/tools/azrev.pl?q=0471805300</a> |
| 942 ## - ADDED ENTRY ELEMENTS (KOHA) |
| Institution code [OBSOLETE] |
NBS |
| Koha item type |
Book |
| Call number prefix |
519.5 HOE |